UBT Library

Child and adolescent development / (Record no. 40901)

000 -LEADER
fixed length control field 00698cam a22002294a 4500
001 - CONTROL NUMBER
control field 16594511
005 - DATE AND TIME OF LATEST TRANSACTION
control field 20180125040520.0
008 - FIXED-LENGTH DATA ELEMENTS--GENERAL INFORMATION
fixed length control field 101230s2012 njua b 001 0 eng
010 ## - LIBRARY OF CONGRESS CONTROL NUMBER
LC control number 2010051009
020 ## - INTERNATIONAL STANDARD BOOK NUMBER
International Standard Book Number 9780137023110
040 ## - CATALOGING SOURCE
Original cataloging agency DLC
Transcribing agency DLC
Modifying agency DLC
041 ## - LANGUAGE CODE
Language code of text/sound track or separate title eng
080 ## - UNIVERSAL DECIMAL CLASSIFICATION NUMBER
Universal Decimal Classification number 305.231 woo
082 00 - DEWEY DECIMAL CLASSIFICATION NUMBER
Classification number 305.231 woo
Edition number 22
100 1# - Rafti
Rafti 48
101 ## - Shkurtesa
Shkurtesa psi
245 10 - TITLE STATEMENT
Title Child and adolescent development /
Statement of responsibility, etc Anita Woolfolk, Nancy E. Perry.
504 ## - BIBLIOGRAPHY, ETC. NOTE
Bibliography, etc Includes bibliographical references and indexes.
906 ## - LOCAL DATA ELEMENT F, LDF (RLIN)
a 7
b cbc
c orignew
d 1
e ecip
f 20
g y-gencatlg
942 ## - ADDED ENTRY ELEMENTS (KOHA)
Source of classification or shelving scheme
Item type Books
Holdings
Withdrawn status Lost status Source of classification or shelving scheme Damaged status Not for loan Collection code Permanent location Current location Shelving location Date acquired Total Checkouts Full call number Barcode Date last seen Price effective from Koha item type
          Koleksioni i përgjithshem UBT - Lipjan UBT - Lipjan Koleksioni i përgjithshem 01/25/2018   305.231 woo 002-2996522 01/25/2018 01/25/2018 Books
UBT Library © 2015-2024. All rights reserved University Education for Business and Technology